Dvadsať rokov činnosti

Zväz obchodu a cestovného ruchu SR - jeho vznik (1994) a hlavné poslanie - presadzovanie záujmov podnikateľských subjektov v sektore obchodu a služieb.

Salvato in:
Dettagli Bibliografici
Natura: Capitolo di libro
Lingua:slovacco
Soggetti:
Tags: Aggiungi Tag
Nessun Tag, puoi essere il primo ad aggiungerne!!

MARC

LEADER 00000naa a2200000 4500
001 0193001
005 20231109070922.9
041 0 |a slo 
044 |a SK 
245 1 0 |a Dvadsať rokov činnosti 
520 |a Zväz obchodu a cestovného ruchu SR - jeho vznik (1994) a hlavné poslanie - presadzovanie záujmov podnikateľských subjektov v sektore obchodu a služieb. 
610 2 0 |a obchod 
610 2 0 |a Slovensko 
610 2 0 |a ruch cestovný 
610 2 0 |a združenia 
610 2 0 |a legislatíva 
610 2 0 |a história